Менеджмент в образовании. Государственно-общественное управление образованием (Запись № 12728461)

Подробности
000 -МАРКЕР
контрольное поле 02187nam0a2200397 4500
001 - ИДЕНТИФИКАТОР ЗАПИСИ
контрольное поле RU\NLR\BIBL_A\012651748
005 - ИДЕНТИФИКАТОР ВЕРСИИ
контрольное поле 20220114110551.0
010 ## - МЕЖДУНАРОДНЫЙ СТАНДАРТНЫЙ НОМЕР КНИГИ (ISBN)
Номер (ISBN) 978-5-907441-01-9
Тираж 500
021 ## - НОМЕР ГОСУДАРСТВЕННОЙ РЕГИСТРАЦИИ
Код страны Российская Федерация
Номер КН-П-21-049136
Номер Листа государственной регистраци КН-П-21-3868
035 ## - ДРУГИЕ СИСТЕМНЫЕ НОМЕРА
Идентификатор записи (NLR Aleph) 012651748
100 ## - ДАННЫЕ ОБЩЕЙ ОБРАБОТКИ
Данные общей обработки 20211126d2021 k y0rusy50 ca
101 0# - ЯЗЫК РЕСУРСА
Язык текста, звукозаписи и т.д. русский
102 ## - СТРАНА ПУБЛИКАЦИИ ИЛИ ПРОИЗВОДСТВА
Страна публикации Российская Федерация
105 ## - ПОЛЕ КОДИРОВАННЫХ ДАННЫХ: ТЕКСТОВЫЕ МАТЕРИАЛЫ, МОНОГРАФИЧЕСКИЕ
Кодированные данные о монографическом текстовом документе y e 001zy
181 #0 - ПОЛЕ КОДИРОВАННЫХ ДАННЫХ: ВИД СОДЕРЖАНИЯ
Код вида содержания (ISBD) i
Код характеристики содержания (ISBD) axxe
182 #0 - ПОЛЕ КОДИРОВАННЫХ ДАННЫХ: ТИП СРЕДСТВА
Код типа средства (ISBD) n - непосредственное
200 1# - ЗАГЛАВИЕ И СВЕДЕНИЯ ОБ ОТВЕТСТВЕННОСТИ
Основное заглавие Менеджмент в образовании. Государственно-общественное управление образованием
Сведения, относящиеся к заглавию учебный энциклопедический словарь-справочник
-- более 1500 статей
Первые сведения об ответственности Т.А. Магсумов, Р.З. Валиева, Е.В. Коновалова [и др.]
Последующие сведения об ответственности под общей редакцией Т.А. Магсумова
203 ## - ВИД СОДЕРЖАНИЯ И ТИП СРЕДСТВА
Вид содержания Текст
Дополнительные сведения об издании визуальный
Тип средства непосредственный
210 ## - ПУБЛИКАЦИЯ, РАСПРОСТРАНЕНИЕ И ДР.
Место издания, распространения и т.д. Курск
Имя издателя, распространителя и т. д. Университетская книга
Дата издания, распространения и т.д. 2021
215 ## - ФИЗИЧЕСКАЯ ХАРАКТЕРИСТИКА
Специфическое обозначение материала и объем 423, [2] с.
Размеры 20
300 ## - ОБЩИЕ ПРИМЕЧАНИЯ
Текст примечания На 424-й с. авт.: канд. ист. наук, доц. Т.А. Магсумов, канд. пед. наук, доц. Р.З. Валиева, канд. пед. наук Е.В. Коновалова
300 ## - ОБЩИЕ ПРИМЕЧАНИЯ
Текст примечания Авт. указаны на обороте тит. с.
320 ## - ПРИМЕЧАНИЯ О НАЛИЧИИ В ДОКУМЕНТЕ БИБЛИОГРАФИИ / УКАЗАТЕЛЯ
Текст примечания Библиогр.: с. 409-423 (226 назв.)
320 ## - ПРИМЕЧАНИЯ О НАЛИЧИИ В ДОКУМЕНТЕ БИБЛИОГРАФИИ / УКАЗАТЕЛЯ
Текст примечания Указ.: с. 390-408
606 1# - НАИМЕНОВАНИЕ ТЕМЫ КАК ПРЕДМЕТ
Наименование темы Образовательные учреждения
Формальный подзаголовок Терминологические словари
Тематический подзаголовок Управление
-- Участие общественности
Системный номер авторитетной/нормативной записи 2601977
Идентификатор авторитетной/нормативной записи RU\NLR\auth\661538535
686 1# - ИНДЕКСЫ ДРУГИХ КЛАССИФИКАЦИЙ
Индекс Ч34(2Р)к.я212
686 1# - ИНДЕКСЫ ДРУГИХ КЛАССИФИКАЦИЙ
Индекс Ч315.3я212
701 #1 - ИМЯ ЛИЦА - АЛЬТЕРНАТИВНАЯ ОТВЕТСТВЕННОСТЬ
Начальный элемент ввода Магсумов
Часть имени, кроме начального элемента ввода Т. А.
Даты 1982-
Расширение инициалов личного имени Тимур Альбертович
701 #1 - ИМЯ ЛИЦА - АЛЬТЕРНАТИВНАЯ ОТВЕТСТВЕННОСТЬ
Начальный элемент ввода Валиева
Часть имени, кроме начального элемента ввода Р. З.
Расширение инициалов личного имени Регина Завдатовна
701 #1 - ИМЯ ЛИЦА - АЛЬТЕРНАТИВНАЯ ОТВЕТСТВЕННОСТЬ
Графика поля Кириллица
Материалы, к которым относится поле rus
Начальный элемент ввода Коновалова
Часть имени, кроме начального элемента ввода Е. В.
Дополнения к именам, кроме дат канд. пед. наук
Расширение инициалов личного имени Елена Викторовна
Системный номер авторитетной/нормативной записи 105115
Идентификатор авторитетной/нормативной записи RU\NLR\AUTH\77122190
942 ## - ДОПОЛНИТЕЛЬНЫЕ ЭЛЕМЕНТЫ ЗАПИСИ (АБИС)
Тип экземпляра АБИС Книга
980 ## - КОЛЛЕКЦИЯ
Название коллекции Национальная библиография
Экземпляры
Тип экземпляра Дата поступления Источник поступления Библиотека постоянного хранения Библиотека текущего хранения Место хранения Шифр хранения Штрих-код Статус экземпляра
Книга 26.11.2021 Обязательный экземпляр РНБ (Московский) РНБ (Московский) Центральная справочная библиотека С 2021-2/306 1-3560621  
Книга 26.11.2021 Обязательный экземпляр РНБ (Московский) РНБ (Московский) Центральная справочная библиотека С 2021-2/306 1-3560622